IndyCar Champions - Statistiken

Allgemein
  • Dieses Quiz wurde 33 mal gespielt
  • Das Durchschnittsergebnis liegt bei 22 aus 133
Antwortstatistiken
Antwort % Korrekt
2025 IndyCar Series Alex Palou
100%
2024 IndyCar Series Alex Palou
100%
2023 IndyCar Series Alex Palou
100%
2021 IndyCar Series Alex Palou
75%
2019 IndyCar Series Josef Newgarden
75%
2012 IndyCar Series Ryan Hunter-Reay
75%
2020 IndyCar Series Scott Dixon
75%
2018 IndyCar Series Scott Dixon
75%
2022 IndyCar Series Will Power
75%
2005 IndyCar Series Dan Wheldon
50%
2011 IndyCar Series Dario Franchitti
50%
2010 IndyCar Series Dario Franchitti
50%
2009 IndyCar Series Dario Franchitti
50%
2007 IndyCar Series Dario Franchitti
50%
2017 IndyCar Series Josef Newgarden
50%
2006 IndyCar Series Sam Hornish Jr
50%
2015 IndyCar Series Scott Dixon
50%
2013 IndyCar Series Scott Dixon
50%
2008 IndyCar Series Scott Dixon
50%
2003 IndyCar Series Scott Dixon
50%
2007 CCWS Sébastien Bourdais
50%
2006 CCWS Sébastien Bourdais
50%
2005 CCWS Sébastien Bourdais
50%
2004 CCWS Sébastien Bourdais
50%
2016 IndyCar Series Simon Pagenaud
50%
2004 IndyCar Series Tony Kanaan
50%
2014 IndyCar Series Will Power
50%
1998 CART Alex Zanardi
25%
1997 CART Alex Zanardi
25%
1994 CART Al Unser Jr
25%
1994 USAC Al Unser Jr
25%
1992 USAC Al Unser Jr
25%
1992 CART Bobby Rahal
25%
2000 IRL Buddy Lazier
25%
1996 IRL Buzz Calkins
25%
2002 CART Cristiano da Matta
25%
1993 USAC Emerson Fittipaldi
25%
2001 CART Gil de Ferran
25%
2000 CART Gil de Ferran
25%
1999 IRL Greg Ray
25%
1995 CART Jacques Villeneuve
25%
1995 USAC Jacques Villeneuve
25%
1996 CART Jimmy Vasser
25%
1999 CART Juan Pablo Montoya
25%
1998 IRL Kenny Bräck
25%
1993 CART Nigel Mansell
25%
2002 IRL Sam Hornish Jr
25%
2001 IRL Sam Hornish Jr
25%
1996 IRL Scott Sharp
25%
1996-97 IRL Tony Stewart
25%
1979 USAC AJ Foyt
0%
1975 USAC AJ Foyt
0%
1967 USAC AJ Foyt
0%
1964 USAC AJ Foyt
0%
1963 USAC AJ Foyt
0%
1961 USAC AJ Foyt
0%
1960 USAC AJ Foyt
0%
1987 USAC Al Unser
0%
1985 CART Al Unser
0%
1983 CART Al Unser
0%
1970 USAC Al Unser
0%
1990 CART Al Unser Jr
0%
1990 USAC Arie Luyendyk
0%
1905 AAA Barney Oldfield
0%
1934 AAA Bill Cummings
0%
1930 AAA Billy Arnold
0%
1987 CART Bobby Rahal
0%
1986 CART Bobby Rahal
0%
1986 USAC Bobby Rahal
0%
1974 USAC Bobby Unser
0%
1968 USAC Bobby Unser
0%
1932 AAA Bob Carey
0%
1955 AAA Bob Sweikert
0%
1952 AAA Chuck Stevenson
0%
1988 CART Danny Sullivan
0%
1985 USAC Danny Sullivan
0%
1916 AAA Dario Resta
0%
1923 AAA Eddie Hearne
0%
1989 CART Emerson Fittipaldi
0%
1989 USAC Emerson Fittipaldi
0%
1938 AAA Floyd Roberts
0%
1920 AAA Gaston Chevrolet
0%
1981-82 USAC George Snider
0%
1976 USAC Gordon Johncock
0%
1926 AAA Harry Hartz
0%
1950 AAA Henry Banks
0%
1957 USAC Jimmy Bryan
0%
1956 USAC Jimmy Bryan
0%
1954 AAA Jimmy Bryan
0%
1924 AAA Jimmy Murphy
0%
1922 AAA Jimmy Murphy
0%
1972 USAC Joe Leonard
0%
1971 USAC Joe Leonard
0%
1949 AAA Johnnie Parsons
0%
1980 CART Johnny Rutherford
0%
1980 USAC Johnny Rutherford
0%
1935 AAA Kelly Petillo
0%
1933 AAA Louis Meyer
0%
1929 AAA Louis Meyer
0%
1928 AAA Louis Meyer
0%
1931 AAA Louis Schneider
0%
1984 CART Mario Andretti
0%
1969 USAC Mario Andretti
0%
1966 USAC Mario Andretti
0%
1965 USAC Mario Andretti
0%
1936 AAA Mauri Rose
0%
1991 CART Michael Andretti
0%
2003 CCWS Paul Tracy
0%
1927 AAA Pete DePaolo
0%
1925 AAA Pete DePaolo
0%
1941 AAA Rex Mays
0%
1940 AAA Rex Mays
0%
1991 USAC Rick Mears
0%
1988 USAC Rick Mears
0%
1983-84 USAC Rick Mears
0%
1982 CART Rick Mears
0%
1981 CART Rick Mears
0%
1979 CART Rick Mears
0%
1962 USAC Rodger Ward
0%
1959 USAC Rodger Ward
0%
1973 USAC Roger McCluskey
0%
1953 AAA Sam Hanks
0%
1948 AAA Ted Horn
0%
1947 AAA Ted Horn
0%
1946 AAA Ted Horn
0%
1921 AAA Tommy Milton
0%
1982-83 USAC Tom Sneva
0%
1978 USAC Tom Sneva
0%
1977 USAC Tom Sneva
0%
1958 USAC Tony Bettenhausen
0%
1951 AAA Tony Bettenhausen
0%
1939 AAA Wilbur Shaw
0%
1937 AAA Wilbur Shaw
0%
Keine übereinstimmenden Quizze gefunden
Verteilung der Resultate
Anzahl Personen mit jedem Resultat
Perzentil nach korrekt beantworteten Fragen
Ihre Resultats-Entwicklung
Sie haben dieses Quiz noch nicht gespielt